Central Library OPAC University of Rajshahi

شرح دراسة الأدب sharh dirasat al'adab / (Record no. 81228)

MARC details
000 -LEADER
fixed length control field 00647naa a2200205 a 4500
001 - CONTROL NUMBER
control field 81228
003 - CONTROL NUMBER IDENTIFIER
rucl marc code BD-RjUL
005 - DATE AND TIME OF LATEST TRANSACTION
control field 20230214145255.0
008 - FIXED-LENGTH DATA ELEMENTS--GENERAL INFORMATION
fixed length control field 230214s195? ii ||||| |||| 00| 0 urd d
035 ## - SYSTEM CONTROL NUMBER
System control number (BD-RjUL)81228
040 ## - CATALOGING SOURCE
Original cataloging agency BD-RjUL
Language of cataloging eng
Transcribing agency BD-RjUL
041 ## - LANGUAGE CODE
Language code of text/sound track or separate title urd
082 ## - DEWEY DECIMAL CLASSIFICATION NUMBER
Edition number 23
Classification number 892.73
Author mark and year QAS 195?
100 ## - MAIN ENTRY--PERSONAL NAME
Personal name Qamar Al-Din, Muhammad قمر الدين, محمد
9 (RLIN) 6990
245 10 - TITLE STATEMENT
Title شرح دراسة الأدب sharh dirasat al'adab /
Statement of responsibility, etc. Muhammad Qamar Al-Din محمد قمر الدين
260 ## - PUBLICATION, DISTRIBUTION, ETC. (IMPRINT)
Place of publication, distribution, etc. Calcatta :
Name of publisher, distributor, etc. Dar e motba Qawmi ,
Date of publication, distribution, etc. 195?
300 ## - PHYSICAL DESCRIPTION
Pagination 72 p. ;
Size 22 cm
650 ## - SUBJECT ADDED ENTRY--TOPICAL TERM
Topical term or geographic name as entry element Arabic Literature
942 ## - ADDED ENTRY ELEMENTS (KOHA)
Source of classification or shelving scheme Dewey Decimal Classification
Koha item type Books
Holdings
Lost status Source of classification or shelving scheme Damaged status Not for loan Collection code Permanent Location Current Location Shelving location Date acquired Total Checkouts Full call number Date last seen Copy number Koha item type
  Dewey Decimal Classification   Not For Loan Non-fiction Central Library, University of Rajshahi Central Library, University of Rajshahi Reading Room 14/02/2023   A 892.73 QAS 195? 14/02/2023 C-1 Books
  Dewey Decimal Classification     Non-fiction Central Library, University of Rajshahi Central Library, University of Rajshahi General Stacks     A 892.73 QAS 195? 15/02/2023 C-2 Books